Datum a čas kvízu
29.5
Celkem bodů
Celkový počet nahraných bodů na tomto kvízu bez doplňovacích otázek.
7.
Pořadí na kvízu
Konečné umístění týmu na tomto kvízu.
Zaznamenané odpovědi
| # | Otázka | Odpověď | Body | Výsledky |
|---|---|---|---|---|
| 1. | Který z bývalých českých premi... | Jiří Paroubek | 0 | |
| 2. | Minulý týden byl zveřejněn žeb... | Karlův most | 0 | |
| 3. | Česká herečka a zpěvačka Eva B... | Tristan William | 0.5 | |
| 4. | Společnost Slovalco se sídlem... | hliník | 0 | |
| 5. | Elon Musk způsobil menší rozru... | Manchester United | 1 | |
| 6. | V tomto tématu se budeme věnov... | Otradovic | 0 | |
| 7. | Přiřaďte následující skladatel... | 1A 2C 3B 4D | 0 | |
| 8. | Po přistání na povrchu Měsíce... | Antonín Dvořák, Symfonie č. 9 | 0 | |
| 9. | Tento muž byl hercem, písničká... | Karel Hašler | 0 | |
| 10. | Nepřehlédnutelnou dominantou p... | Petr Hapka | 0 |